| 000 | 00636nam a2200241 a 4500 | ||
|---|---|---|---|
| 999 |
_c5265 _d5265 |
||
| 001 | 5265 | ||
| 003 | BD-JhCC | ||
| 005 | 20171213085452.0 | ||
| 008 | 171211s1982 u a|||| ||a| 000 0 eng d | ||
| 020 | _a0442200560 | ||
| 035 | _a(BD-JhCC) 5265 | ||
| 040 |
_aBD-JhCC _dBD-JhCC |
||
| 041 | _aeng | ||
| 082 |
_a333.7916 _bHUN 1982 |
||
| 100 | _aHunt, V.Daniel | ||
| 245 |
_aHandbook of conservation and solar energy / _c V.Daniel Hunt |
||
| 260 |
_aLondon : _bVANNOSTRANDREINHOLD COMPANY , _c1982 |
||
| 300 |
_a385 p .: _c26 cm . |
||
| 650 | _aSolar energy, | ||
| 650 | _a Energy Conservation | ||
| 942 |
_2ddc _cBK |
||